| 000 | 00633nam a2200229Ia 4500 | ||
|---|---|---|---|
| 005 | 20231214120002.0 | ||
| 008 | 131103s9999 xx 000 0 und d | ||
| 020 | _a521555477 | ||
| 040 | _aLoreto College | ||
| 041 | _aEnglish | ||
| 082 |
_a428 _bDOF |
||
| 100 | _aDoff, Adrian | ||
| 245 |
_aLanguage in Use, _cAdrian Doff and Christopher Jones |
||
| 250 | _aUpper-Intermediate, Teacher's Book | ||
| 260 |
_aCambridge _bCambridge University Press _c1997 |
||
| 300 |
_a130p _b ill |
||
| 650 | _aEnglish Language | ||
| 651 | _aCommunicative English | ||
| 700 | _aJones, Christopher | ||
| 850 | _aLCLIB | ||
| 942 | _cBK | ||
| 999 |
_c19520 _d69999 |
||